Đồ hoạ máy tính trong không gian hai chiều : Lý thuyết và thực hành
محفوظ في:
| المؤلف الرئيسي: | |
|---|---|
| التنسيق: | قرص مضغوط |
| منشور في: |
H. :
Khoa học và Kỹ thuật,
2008.
|
| الوسوم: |
إضافة وسم
لا توجد وسوم, كن أول من يضع وسما على هذه التسجيلة!
|
| Thư viện lưu trữ: | Thư viện Trường Đại học Đà Lạt |
|---|
| LEADER | 00693nam a2200253 4500 | ||
|---|---|---|---|
| 001 | DLU100103646 | ||
| 005 | ##20100112 | ||
| 040 | # | # | |a DLU |b vie |
| 082 | # | # | |a 006.68 |b TR-S |
| 100 | # | # | |a Trần Giang Sơn, |c ThS. |
| 245 | # | # | |a Đồ hoạ máy tính trong không gian hai chiều : |b Lý thuyết và thực hành |h [Đĩa CD-ROM] / |c Trần Giang Sơn. |
| 256 | # | # | |a 4 3/4 in. |
| 260 | # | # | |a H. : |b Khoa học và Kỹ thuật, |c 2008. |
| 300 | # | # | |a 1 đĩa CD-ROM ; |c 4 3/4 in. |
| 923 | # | # | |a 17/2009 |
| 992 | # | # | |a 0 |
| 994 | # | # | |a DLU |
| 900 | # | # | |a True |
| 911 | # | # | |a Nguyễn Thanh Hương |
| 925 | # | # | |a CD |
| 926 | # | # | |a A |
| 927 | # | # | |a CD |
| 980 | # | # | |a Thư viện Trường Đại học Đà Lạt |